Normal view
MARC view
- Sammon, Michael J
Entry Personal Name
001 - CONTROL NUMBER
- control field: 96549
003 - CONTROL NUMBER IDENTIFIER
- control field: NUST
005 - DATE AND TIME OF LATEST TRANSACTION
- control field: 20220804152551.0
008 - FIXED-LENGTH DATA ELEMENTS
- fixed length control field: 220804|| aca||aabn | a|a d
040 ## - CATALOGING SOURCE
- Original cataloging agency: NUST
- Transcribing agency: NUST
100 ## - HEADING--PERSONAL NAME
- Personal name: Sammon, Michael J
670 ## - SOURCE DATA FOUND
- Source citation: Work cat.: (NUST)193469: Seul, Michael. 96547, Practical algorithms for image analysis : (Include CD), 2000.
